| 000 | 03539nam0a2200397 4500 | ||
|---|---|---|---|
| 001 | RU\NLR\BIBL_A\016332230 | ||
| 005 | 20240427101541.0 | ||
| 010 |
_a978-5-907523-25-8 _9500 |
||
| 021 |
_aRU _bКН-П-23-010897 _9КН-П-23-1070 |
||
| 035 | _a(NLR Aleph) 016332230 | ||
| 035 | _a(RuMoRGB)011605001 | ||
| 090 |
_a13064199 _c13064199 |
||
| 100 | _a20230403d2022 k y0rusy50 ca | ||
| 101 | 0 | _arus | |
| 102 | _aRU | ||
| 105 | _aa|||z||||||z| | ||
| 181 | 1 |
_ai3 _baxxe |
|
| 182 | 1 | _an | |
| 200 | 1 |
_aМодели, методы и инструменты при создании цифровых двойников _eмонография _fН. И. Юсупова, О. Н. Сметанина, Е. Ю. Сазонова |
|
| 203 |
_aТекст _bвизуальный _cнепосредственный |
||
| 210 |
_aМосква _cИнновационное машиностроение _d2022 |
||
| 215 |
_a184 с. _cил. _d21 |
||
| 320 | _aБиблиогр.: с. 144-147 (50 назв.) | ||
| 330 | _aИзложены общие подходы к построению цифровых двойников, обоснована возможность использования для построения цифровых двойников модельно-ориентированной системной инженерии. Показано, что сложная система, описанная как взаимосвязь отдельных элементов в определенные моменты времени, может быть исследована с использованием имитационного моделирования, обеспечивающего возможность продемонстрировать логическую структуру системы, процессы ее функционирования, взаимосвязь событий в системе. Отмечено, что концепция цифровых двойников подразумевает управление системой на всех этапах жизненного цикла и, как следствие, необходимость учета функций управления: планирование (часто на основе прогнозирования), анализ, контроль и пр. Примерами задач могут служить задачи, связанные с повышением эффективности (экономической, социальной и пр.): сокращение простоев и повышение степени полезного использования оборудования; повышение качества процессов и производимой продукции, сокращение брака и пр | ||
| 606 | 1 |
_aЦифровые двойники _92588151 _3RU\NLR\AUTH\6601739686 |
|
| 606 | 1 |
_aЦифровое моделирование _92588158 _3RU\NLR\AUTH\6601739689 |
|
| 675 |
_a004.942 _v4 |
||
| 686 |
_a32.973 _2rubbks |
||
| 686 | 1 | _aЗ973.3 | |
| 700 | 1 |
_7ca _8rus _aЮсупова _bН. И. _f1953- _gНафиса Исламовна _9114614 _3RU\NLR\AUTH\774637 |
|
| 701 | 1 |
_7ca _8rus _aСметанина _bО. Н. _f1963- _gОльга Николаевна _927888 _3RU\NLR\AUTH\7744948 |
|
| 701 | 1 |
_aСазонова _bЕ. Ю. _gЕкатерина Юрьевна |
|
| 942 | _cBOOK | ||
| 980 | _aNB | ||